| 000 | 00765pam a2200253 i 4500 | ||
|---|---|---|---|
| 999 |
_c532273 _d532273 |
||
| 003 | Nust | ||
| 005 | 20191115114414.0 | ||
| 008 | 170216b xxu||||| |||| 00| 0 eng d | ||
| 020 | _a0070379653 | ||
| 038 | _aMSOHAIL | ||
| 040 | _cNust | ||
| 082 | 0 | 0 |
_a627 _bLIN |
| 100 | 1 |
_aLinsley, Ray K. _92147 |
|
| 245 | 1 | 0 |
_aWater-resources engineering / _cRay K. Linsley, Joseph B. Franzini. |
| 250 | _a4th ed. | ||
| 260 |
_aNew York : _bMcGraw-Hill, _c1985. |
||
| 300 |
_axii, 716 p. : _bill. ; _c24 cm. |
||
| 490 | 0 | _aMcGraw-Hill series in water resources and environmental engineering | |
| 650 | 0 |
_aHydraulic engineering. _93526 |
|
| 650 | 0 |
_aMCE _9379 |
|
| 650 | 0 |
_aWater resources development. _92496 |
|
| 700 | 1 |
_aFranzini, Joseph B., _920965 |
|
| 942 |
_cBK _2ddc |
||